| Tag |
First Indicator |
Second Indicator |
Subfields |
| LEADER |
00000cam a2200000Ki 4500 |
| 001 |
in00004425849 |
| 005 |
20210422111658.0 |
| 006 |
m o d |
| 007 |
cr cnu---unuuu |
| 008 |
201114s2020 ilu o 000 0 eng d |
| 020 |
|
|
|a 9780226695310
|q electronic book
|
| 020 |
|
|
|a 022669531X
|q electronic book
|
| 024 |
8 |
|
|a 40030289564
|
| 035 |
|
|
|a (NhCcYBP)ybp16631094
|
| 040 |
|
|
|a NhCcYBP
|c NhCcYBP
|d UtOrBLW
|
| 050 |
|
4 |
|a BF381
|b .L66 2020
|
| 082 |
0 |
4 |
|a 153.1/4
|2 23
|
| 100 |
1 |
|
|a Long, Seth,
|e author.
|0 http://id.loc.gov/authorities/names/no2020059034
|
| 245 |
1 |
0 |
|a Excavating the memory palace :
|b arts of visualization from the agora to the computer /
|c Seth Long.
|
| 264 |
|
1 |
|a Chicago :
|b The University of Chicago Press,
|c 2020.
|
| 300 |
|
|
|a 1 online resource.
|
| 336 |
|
|
|a text
|b txt
|2 rdacontent
|
| 337 |
|
|
|a computer
|b c
|2 rdamedia
|
| 338 |
|
|
|a online resource
|b cr
|2 rdacarrier
|
| 505 |
0 |
|
|a Memory vs. Mnemonic -- Arts of Memory in the Agora -- Arts of Memory in the Monastery -- The Memory Palace in Ruins -- The Memory Palace Modernized -- Theory and Practice of a Digital Ars Memoria -- The Social Memory Palace.
|
| 588 |
|
|
|a Description based on online resource; title from digital title page (viewed on January 08, 2021).
|
| 500 |
|
|
|a Electronic resource.
|
| 650 |
|
0 |
|a Mnemonics
|x History.
|
| 650 |
|
0 |
|a Memory.
|0 http://id.loc.gov/authorities/subjects/sh85083497
|
| 655 |
|
7 |
|a Electronic books.
|2 local
|
| 710 |
2 |
|
|a Walter de Gruyter & Co.
|0 http://id.loc.gov/authorities/names/n81126942
|
| 776 |
1 |
8 |
|i Print version:
|a Long, Seth
|t Excavating the Memory Palace : Arts of Visualization from the Agora to the Computer
|d Chicago : University of Chicago Press,c2020
|z 9780226695143
|
| 856 |
4 |
0 |
|u http://proxy.library.tamu.edu/login?url=https://www.degruyter.com/isbn/9780226695310
|z Connect to the full text of this electronic book
|t 0
|
| 945 |
|
|
|b 735511
|
| 955 |
|
|
|a YBP purchased approval e-records
|
| 980 |
|
|
|b 180.00
|g 1
|
| 999 |
f |
f |
|s abb71549-37fe-3667-8297-6be1601ed39f
|i e588d208-ff35-329b-9885-53a0038b6310
|t 0
|
| 952 |
f |
f |
|a Texas A&M University
|b College Station
|c Electronic Resources
|d Available Online
|t 0
|e BF381 .L66 2020
|h Library of Congress classification
|
| 998 |
f |
f |
|a BF381 .L66 2020
|t 0
|l Available Online
|